000 00627nam a2200205Ia 4500
003 GCL
008 140319s9999 xx 000 0 ara d
040 _aGCL /
_cGCL
082 0 4 _aد
_b050
100 1 _aرياض رمضان العلمى
245 1 0 _aالدواء من فجر التاريخ الى اليوم ( عالم المعرفة 121 ) /
_cرياض رمضان العلمى
300 _a317 ص
490 _aعالم المعرفة
_v0
650 0 4 _aالطب
650 0 4 _aالادوية
650 0 4 _aالعلاج
650 0 4 _aالمواد الطبية
650 0 4 _aالعقاقير، علم
942 _2ddc
_cBK
999 _c50243
_d50243